00578nam a22002412 4500001001100000005001700011008004100028020001700069040001500086245003500101250005000136260003400186300000900220500002500229650002800254700003600282852000300318852000300321852000300324852000300327852000300330852000300333000001968720151217152159.0110120s xx 000 0 eng d a8131210338 : aKABUcKABU10aNelson textbook of pediatrics. a18th ed. /bRobert M. Kliegman ... [et al.]. aNew Delhi :bElsevier,c2007. a2 v. aWith separate index. 0aPediatrics.@00001782531 aKliegman, Robert M.@00001782541 1 1 1 1 1